|
|
|
|
| LEADER |
00690cam a2200193 7i4500 |
| 001 |
0000040851 |
| 005 |
20251127090000.0 |
| 020 |
|
|
|a 9781564149671 (pbk.)
|
| 020 |
|
|
|a 1564149676 (pbk.)
|
| 090 |
0 |
0 |
|a HB615
|b .G66 2007
|
| 100 |
1 |
|
|a Goossen, Richard J
|
| 245 |
1 |
0 |
|a Entrepreneurial excellence :
|b profit from the best ideas of the experts
|c by Richard J. Goossen.
|
| 260 |
|
|
|a Franklin Lakes, N.J.:
|b The Career Press, Inc.,
|c 2007.
|
| 300 |
|
|
|a 256 p.:
|b ill.;
|c 21 cm.
|
| 500 |
|
|
|a Gift: Selangor Business School (SBS)
|
| 650 |
0 |
0 |
|a Success in business
|
| 650 |
0 |
0 |
|a Entrepreneurship
|
| 997 |
|
|
|a Business & Accountancy, Faculty
|
| 999 |
|
|
|a 0000050109
|b BOK
|c OPEN SHELF
|e 1st Floor, Bestari Jaya
|